SEPA - integrovaný platobný systém

SEPA (Single Euro Payments Area) - predstavuje jednotnú oblasť platieb v eurách. Ide o projekt, ktorého cieľom je zjednotenie pravidiel a štandardov pri realizácii bezhotovostných platieb v mene euro. SEPA krajiny, legislatívny rámec, platobné nástroje SEPA, SEPA inkaso, výhody projektu SEPA.

Saved in:
Bibliographic Details
Main Author: Hrašková, Dagmar
Format: Book Chapter
Language:Slovak
Subjects:
Tags: Add Tag
No Tags, Be the first to tag this record!

MARC

LEADER 00000naa a2200000 4500
001 0184355
005 20231120103928.2
041 0 |a slo 
044 |a SK 
245 1 0 |a SEPA - integrovaný platobný systém  |c Dagmar Hrášková 
520 |a SEPA (Single Euro Payments Area) - predstavuje jednotnú oblasť platieb v eurách. Ide o projekt, ktorého cieľom je zjednotenie pravidiel a štandardov pri realizácii bezhotovostných platieb v mene euro. SEPA krajiny, legislatívny rámec, platobné nástroje SEPA, SEPA inkaso, výhody projektu SEPA. 
610 2 0 |a systémy platobné 
610 2 0 |a platby bezhotovostné 
610 2 0 |a euromena 
610 2 0 |a trh euromenový 
610 2 0 |a trh spoločný 
610 2 0 |a Európska únia 
100 1 |a Hrašková, Dagmar